[Event "23rd ETCC Open 2021"]
[Site "Catez"]
[Date "2021.11.18"]
[Round "6.1"]
[White "Grischuk, Alexander"]
[Black "Berkes, Ferenc"]
[Result "1/2-1/2"]
[WhiteElo "2773"]
[BlackElo "2676"]
[Annotator "TA"]
[PlyCount "67"]
[EventDate "2021.11.08"]
[EventType "team-tourn"]
[EventCountry "SLO"]
[SourceTitle "playchess.com"]
[Source "ChessBase"]
[SourceQuality "1"]
[WhiteTeam "Russia"]
[BlackTeam "Hungary"]
[WhiteTeamCountry "RUS"]
[BlackTeamCountry "HUN"]

{[%evp 16,67,13,24,45,38,29,14,34,14,8,2,10,19,17,10,0,0,0,-6,0,0,0,0,0,0,0,0,
0,0,0,0,11,0,9,11,11,0,0,0,11,11,10,10,19,20,26,23,21,0,0,0,36,0]} 1. e4 e5 2.
Nf3 Nc6 3. Bb5 a6 4. Ba4 Nf6 5. O-O Be7 6. Re1 b5 7. Bb3 O-O 8. h3 Bb7 9. d3 d5
{C88: Closed Ruy Lopez: Anti-Marshall Systems.} 10. exd5 Nxd5 11. Nbd2 {
Recently 11.a4 got a lot of attention.} Nd4 {The position is equal.} 12. c3
Nxb3 13. Nxb3 c5 14. Nxe5 Qc7 15. Bd2 Bd6 {[#]} 16. d4 $146 ({Predecessor:} 16.
Nf3 Rfe8 17. a4 Rxe1+ 18. Qxe1 Nf6 19. Qd1 Re8 20. axb5 axb5 21. c4 bxc4 22.
dxc4 {0-1 (63) Mazur,S (2386)-Timoscenko,G (2502) Banska Stiavnica 2011}) 16...
c4 17. Nc5 Bxc5 18. dxc5 Rae8 19. Nf3 Qxc5 20. Nd4 Rxe1+ 21. Qxe1 Nb4 22. cxb4
Qxd4 23. Bc3 Qe4 {[%csl Gb7][%cal Re4g2] [#]} (23... Qb6 {feels hotter.} 24.
Qe2 Rd8 25. Qe7 f6 26. Re1 Bd5) 24. f3 Qxe1+ (24... Qg6 {looks sharper.} 25.
Qe3 h6 26. Re1 f6 27. Kh1 Qf7) 25. Rxe1 $11 {[%mdl 4096] Endgame KRB-KRB} f6
26. Re6 Rf7 27. Kf2 Rc7 28. g4 Kf7 29. Rb6 Ke8 30. h4 Kd8 31. h5 h6 32. Rd6+
Ke7 33. Rb6 Kd8 34. Rd6+ {Weighted Error Value: White=0.04/Black=0.03} 1/2-1/2

[Event "23rd ETCC Open 2021"]
[Site "Catez"]
[Date "2021.11.18"]
[Round "6.2"]
[White "Banusz, Tamas"]
[Black "Dubov, Daniil"]
[Result "0-1"]
[WhiteElo "2607"]
[BlackElo "2714"]
[Annotator "TA"]
[PlyCount "80"]
[EventDate "2021.11.08"]
[EventType "team-tourn"]
[EventCountry "SLO"]
[SourceTitle "playchess.com"]
[Source "ChessBase"]
[SourceQuality "1"]
[WhiteTeam "Hungary"]
[BlackTeam "Russia"]
[WhiteTeamCountry "HUN"]
[BlackTeamCountry "RUS"]

{[%evp 9,80,0,38,0,10,0,15,12,15,6,0,0,6,21,20,14,25,-6,0,-14,-14,-18,-8,-17,
-6,-11,-9,-18,0,-38,-45,-96,-96,-95,-86,-89,-86,-119,-104,-112,-102,-106,-108,
-118,-119,-109,-114,-112,-77,-77,-77,-168,-138,-173,-147,-344,-333,-610,-602,
-583,-544,-1726,-1131,-2106,-1544,-1704,-1923,-1563,-1550,-1468,-1452,-5409,
-5081]} 1. Nf3 Nf6 2. g3 b5 3. e3 a6 4. Bg2 Bb7 5. O-O g6 6. b3 {A05: Réti
Opening: 1 Nf3 Nf6.} Bg7 7. Bb2 O-O 8. c4 {The position is equal.} c5 {[#]} 9.
d4 $146 ({Predecessor:} 9. Nc3 bxc4 10. bxc4 Nc6 11. Rb1 Rb8 12. Ba1 e6 13. Na4
d6 14. d4 cxd4 15. exd4 {0-1 (40) Kuzubov,Y (2644)-Aleksandrov,A (2574) Skopje
2019}) 9... cxd4 10. exd4 bxc4 11. bxc4 d5 12. c5 Nc6 13. Nbd2 Ne4 14. Re1 Rb8
(14... Nxc5 $2 15. dxc5 Bxb2 16. Rb1 $18) 15. Rb1 Bc8 16. Nxe4 dxe4 17. Ne5 (
17. Rxe4 $2 Bf5 $17) 17... Bxe5 18. dxe5 Bf5 {...Qxd1 is the strong threat.}
19. Qxd8 (19. Bc3 {keeps more tension.} Rxb1 20. Qxb1 Qd5 21. Bxe4 Bxe4 22.
Qxe4 Rd8 23. Kg2) 19... Rfxd8 20. g4 ({Avoid the trap} 20. Bxe4 $2 Bxe4 21.
Rxe4 Rd2 $19) (20. Ba1 $15) 20... Bxg4 $17 21. Bxe4 {[#]} Bf5 $1 {[%cal Rf5e4]}
22. Bxf5 ({Don't blunder} 22. Bxc6 $2 Bxb1 23. Rxb1 Rd2 $19) 22... gxf5 23. Ba1
Rb5 24. Rbc1 Rd5 25. Re3 Rbxc5 26. Rxc5 Rxc5 27. Rc3 Rxc3 28. Bxc3 {[%mdl 4096]
Endgame KB-KN} f6 29. exf6 e5 30. Kf1 (30. Kg2 $17 {is a better defense.})
30... Kf7 $19 31. Ke2 Kxf6 32. Kd3 $2 {[#] This costs White the game.} (32. f4
$17) 32... Ke6 $1 {[%cal Re6d5]} 33. Kc4 (33. f3 Kd5 34. Bd2) 33... e4 {
Black is clearly winning.} 34. Kc5 Ne5 35. Kb6 f4 36. Kxa6 f3 37. Bd2 Nc4 38.
Be1 Na3 39. Bd2 Kd5 40. Bc1 {[#]} Kc6 $1 {Weighted Error Value: White=0.73/
Black=0.13} 0-1

[Event "23rd ETCC Open 2021"]
[Site "Catez"]
[Date "2021.11.18"]
[Round "6.3"]
[White "Artemiev, Vladislav"]
[Black "Gledura, Benjamin"]
[Result "1/2-1/2"]
[WhiteElo "2699"]
[BlackElo "2635"]
[Annotator "TA"]
[PlyCount "65"]
[EventDate "2021.11.08"]
[EventType "team-tourn"]
[EventCountry "SLO"]
[SourceTitle "playchess.com"]
[Source "ChessBase"]
[SourceQuality "1"]
[WhiteTeam "Russia"]
[BlackTeam "Hungary"]
[WhiteTeamCountry "RUS"]
[BlackTeamCountry "HUN"]

{[%evp 11,65,28,39,12,25,21,24,25,22,25,31,18,32,27,22,24,33,24,34,39,43,35,36,
42,43,35,37,34,29,16,16,15,23,14,14,12,22,22,17,19,20,12,25,4,4,4,8,9,14,6,6,5,
6,0,4,4]} 1. d4 d5 2. c4 c6 3. Nf3 Nf6 4. e3 Bf5 5. Nc3 e6 6. Nh4 Bg6 7. Be2 {
D12: Slav Defence: 3 Nf3 Nf6 4 e3 Bf5.} Nbd7 8. O-O Bd6 9. g3 {White has an
edge.} O-O 10. Nxg6 hxg6 11. Qc2 Qe7 12. Rd1 a6 13. Bd2 dxc4 14. Bxc4 c5 15.
dxc5 Bxc5 {[#]} 16. Bf1 $146 ({Predecessor:} 16. Ne4 Rac8 17. Rac1 Ne5 18. Be2
Bxe3 19. Qxc8 Bxd2 20. Qc7 Qxc7 21. Nxf6+ {1-0 (21) Hartl,D (2273)-Pierecker,M
(2197) Austria 2018}) 16... Rac8 17. Be1 Ne5 18. Bg2 b5 19. Qe2 Rfd8 20. h3
Rxd1 21. Rxd1 Rd8 22. Rxd8+ Qxd8 23. Qd1 Qd3 24. Bb7 a5 25. Qxd3 Nxd3 26. Bd2
Bb4 27. Ba6 {Black should prevent a3.} (27. a3 {looks sharper.} Bxc3 28. Bxc3
b4 29. axb4 axb4 30. Bd2) 27... Nxb2 {The position is equal.} 28. Bxb5 Nd5 29.
Nxd5 Bxd2 30. Nb6 Bb4 31. Kf1 Nd1 32. Na4 Nc3 33. Nxc3 {Weighted Error Value:
White=0.05/Black=0.04} 1/2-1/2

[Event "23rd ETCC Open 2021"]
[Site "Catez"]
[Date "2021.11.18"]
[Round "6.4"]
[White "Kantor, Gergely"]
[Black "Esipenko, Andrey"]
[Result "1/2-1/2"]
[WhiteElo "2566"]
[BlackElo "2713"]
[Annotator "TA"]
[PlyCount "43"]
[EventDate "2021.11.08"]
[EventType "team-tourn"]
[EventCountry "SLO"]
[SourceTitle "playchess.com"]
[Source "ChessBase"]
[SourceQuality "1"]
[WhiteTeam "Hungary"]
[BlackTeam "Russia"]
[WhiteTeamCountry "HUN"]
[BlackTeamCountry "RUS"]

{[%evp 15,43,18,17,10,8,20,17,20,21,17,32,35,7,6,2,0,0,0,0,0,0,0,0,0,0,0,0,0,0,
0]} 1. d4 Nf6 2. c4 e6 3. Nc3 Bb4 4. Qc2 d5 5. a3 Bxc3+ 6. Qxc3 O-O 7. Nf3 dxc4
8. Qxc4 b6 9. Bg5 {E36: Nimzo-Indian: Classical: 4...d5 5 a3.} Ba6 10. Qa4 c5
11. dxc5 bxc5 12. Rd1 Qb6 13. Bxf6 gxf6 14. Rd2 {Black should prevent Qg4+.The
position is equal.} Nc6 15. Qg4+ Kh8 16. Qh4 Kg7 17. Qg4+ Kh8 18. Qh4 Kg7 {
[#] White must now prevent ...Rfd8.} 19. Qg4+ Kh8 {Threatens to win with ...
Rfd8.} 20. Qh4 Kg7 {[#] aiming for ...Rfd8.} 21. Qg4+ $146 ({Predecessor:} 21.
Qg3+ Kh8 {1/2-1/2 (19) Malakhov,V (2699)-Fedorchuk,S (2673) Bol 2014}) 21...
Kh8 {Strongly threatening ...Rfd8.} 22. Qh4 {A rather calm draw.  Weighted
Error Value: White=0.01/Black=0.00} 1/2-1/2

[Event "23rd ETCC Open 2021"]
[Site "Catez"]
[Date "2021.11.18"]
[Round "6.5"]
[White "Mamedyarov, Shakhriyar"]
[Black "Sargissian, Gabriel"]
[Result "1/2-1/2"]
[WhiteElo "2765"]
[BlackElo "2664"]
[Annotator "TA"]
[PlyCount "61"]
[EventDate "2021.11.08"]
[EventType "team-tourn"]
[EventCountry "SLO"]
[SourceTitle "playchess.com"]
[Source "ChessBase"]
[SourceQuality "1"]
[WhiteTeam "Azerbaijan"]
[BlackTeam "Armenia"]
[WhiteTeamCountry "AZE"]
[BlackTeamCountry "ARM"]

{[%evp 11,61,0,0,0,0,0,0,0,0,0,0,0,0,10,2,4,4,-11,14,-17,10,0,18,17,12,13,12,
14,10,15,12,6,12,8,13,10,9,11,7,4,4,4,9,0,0,0,0,0,0,0,0,0]} 1. d4 Nf6 2. c4 e6
3. Nc3 Bb4 4. Qc2 O-O 5. e4 d5 6. e5 Ne4 $1 {The position is equal.} 7. Nf3 {
E32: Nimzo-Indian: Classical (4 Qc2): 4...0-0.} c5 $1 8. Bd3 cxd4 9. Nxd4 Nd7
10. Bxe4 dxe4 11. Qxe4 Qa5 12. O-O Qxe5 13. Qh4 a6 14. Nf3 {[#]} Qf5 $146 ({
Predecessor:} 14... Qf6 15. Bg5 Qg6 16. Be7 Bxc3 17. bxc3 Re8 18. Rad1 f6 19.
Bd6 e5 20. c5 Nf8 21. Bxf8 Rxf8 {1/2-1/2 (98) Li,C (2687)-Tomashevsky,E (2733)
St Petersburg 2012}) 15. Rd1 Re8 16. Ne4 e5 17. c5 Bxc5 (17... Nxc5 $2 18. Nd6
$18) 18. Nxc5 {aiming for Ne4.} e4 $1 {[%cal Re4f3] [#]} ({Avoid the trap} 
18... Nxc5 $2 {[#]} 19. Qe7 $3 $18 {[%mdl 512]}) 19. Nxe4 Qxe4 20. Qxe4 Rxe4
21. h3 Re8 22. b3 Nf8 23. Be3 Be6 24. Nd4 Bd7 25. Rac1 Rac8 26. Rxc8 Rxc8 27.
Rc1 Rxc1+ 28. Bxc1 Ne6 29. Nxe6 Bxe6 30. f3 f6 31. Kf2 {A rather calm draw. 
Weighted Error Value: White=0.03/Black=0.03} 1/2-1/2

[Event "23rd ETCC Open 2021"]
[Site "Catez"]
[Date "2021.11.18"]
[Round "6.6"]
[White "Martirosyan, Haik M."]
[Black "Radjabov, Teimour"]
[Result "1/2-1/2"]
[WhiteElo "2624"]
[BlackElo "2763"]
[Annotator "TA"]
[PlyCount "51"]
[EventDate "2021.11.08"]
[EventType "team-tourn"]
[EventCountry "SLO"]
[SourceTitle "playchess.com"]
[Source "ChessBase"]
[SourceQuality "1"]
[WhiteTeam "Armenia"]
[BlackTeam "Azerbaijan"]
[WhiteTeamCountry "ARM"]
[BlackTeamCountry "AZE"]

{[%evp 11,51,26,29,33,33,1,38,31,41,35,27,33,37,33,35,33,33,33,43,27,46,0,0,0,
0,0,0,0,0,0,0,0,0,0,0,0,0,-6,0,0,0,0]} 1. d4 Nf6 2. c4 e6 3. Nf3 d5 4. Nc3 c5
5. cxd5 cxd4 6. Qxd4 exd5 7. e4 {D41: Queen's Gambit Declined: Semi-Tarrasch
with 5 cxd5.} dxe4 8. Qxd8+ Kxd8 9. Ng5 {White is slightly better.} Be6 10.
Nxe6+ fxe6 11. Bg5 h6 $1 {[%mdl 4] 11...h6 is the modern continuation.} 12.
O-O-O+ Ke7 $1 13. Bxf6+ gxf6 14. Nxe4 Bg7 15. Bb5 f5 {[#]} 16. Ng3 $146 (16.
Nd6 $5 {[%cal Rh1e1]} Nc6 17. Rhe1 $11 (17. Nxb7 Rhc8 $17)) ({Predecessor:} 16.
Nd6 Nc6 17. Rhe1 Rhf8 18. Bxc6 bxc6 {1/2-1/2 (18) Cade,S (2280)-Babychuk,V 
(2216) ICCF email 2016}) 16... Rc8+ {The position is equal.} 17. Kb1 Rc5 $1 {
[%cal Rc5b5]} 18. Ba4 Nc6 19. Rhe1 Rd8 20. Rxd8 Nxd8 21. f4 a5 22. Bc2 Kf7 23.
Rd1 Ke7 24. Re1 Kf7 25. Rd1 Ke7 26. Re1 {Weighted Error Value: White=0.04/
Black=0.01} 1/2-1/2

[Event "23rd ETCC Open 2021"]
[Site "Catez"]
[Date "2021.11.18"]
[Round "6.7"]
[White "Mamedov, Rauf"]
[Black "Hovhannisyan, Robert"]
[Result "1/2-1/2"]
[WhiteElo "2673"]
[BlackElo "2622"]
[Annotator "TA"]
[PlyCount "96"]
[EventDate "2021.11.08"]
[EventType "team-tourn"]
[EventCountry "SLO"]
[SourceTitle "playchess.com"]
[Source "ChessBase"]
[SourceQuality "1"]
[WhiteTeam "Azerbaijan"]
[BlackTeam "Armenia"]
[WhiteTeamCountry "AZE"]
[BlackTeamCountry "ARM"]

{[%evp 11,96,11,12,6,13,3,4,2,6,7,21,10,35,35,35,35,38,31,51,51,43,39,41,8,60,
56,71,72,57,58,64,20,32,11,12,11,41,41,41,37,40,31,95,43,60,31,29,21,21,21,21,
21,23,21,21,21,28,28,31,14,14,14,37,0,0,0,0,0,0,0,0,0,0,0,0,0,0,0,0,0,0,0,0,0,
0,0,0]} 1. e4 e5 2. Nf3 Nc6 3. Bc4 Bc5 4. Nc3 Nf6 5. d3 h6 6. a3 a6 7. Be3 {
C50: Hungarian Defence and Giuoco Pianissimo.} d6 8. Nd5 {[#]} O-O $146 ({
Predecessor:} 8... Bxe3 9. fxe3 Be6 10. Qd2 Bxd5 11. exd5 Ne7 12. e4 Qd7 13.
O-O O-O 14. Nh4 Qg4 15. Nf5 Nxf5 16. Rxf5 Nh7 17. Qf2 g6 18. h3 {1-0 (18)
Raabe,S (1924)-Jacobi,N (1842) Gelsenkirchen 2018}) 9. Qe2 (9. Bxc5 {is more
complex.} dxc5 10. O-O Rb8 11. a4 Re8 12. Re1) 9... Nxd5 (9... Ba7 {with more
complications.} 10. O-O Nxd5 11. exd5 Bxe3 12. Qxe3 b5) 10. Bxd5 Bxe3 11. fxe3
Be6 12. Bxe6 fxe6 13. O-O-O Rf7 14. h4 d5 15. g4 g6 16. g5 {[#] Hoping for h5.}
h5 $1 17. d4 (17. Nd2 {is interesting.} Qd6 18. Rhf1 Raf8 19. Rxf7 Kxf7 20.
Rf1+) 17... exd4 ({Don't play} 17... dxe4 $6 18. Nxe5 Nxe5 19. dxe5 $16) (17...
Qd6 $11) 18. Nxd4 $14 Nxd4 19. Rxd4 c6 20. exd5 exd5 21. c4 Qd6 22. cxd5 cxd5
23. Rhd1 Qc5+ 24. Kb1 Re8 25. Qd3 Kh7 26. Qb3 Rfe7 {[#]} (26... Rg7 $14) 27.
Rc1 ({White should try} 27. R1d3 $1 $16) 27... Qd6 $1 28. Rxd5 Qg3 29. Rd4 Qxe3
30. Qxe3 Rxe3 $11 {[%mdl 4096] Endgame KRR-KRR} 31. Rc7+ R8e7 32. Rdd7 Rxd7 33.
Rxd7+ {KR-KR} Kg8 34. Rxb7 Re4 35. Rb6 (35. b4 {keeps more tension.} Rxh4 36.
Rb6 a5 37. b5 Rh3 38. Ka2) 35... a5 $1 36. b4 Rxh4 37. bxa5 Ra4 $1 {The
position is equal.} 38. a6 ({Resist} 38. Rxg6+ $6 Kf7 $16) 38... Rxa3 39. Kb2 (
39. Kc2 {feels hotter.} Ra5 40. Kd2 h4 41. Ke3 Kf7 42. Kf4) 39... Ra5 40. Kb3
h4 41. Rxg6+ Kf7 42. Rh6 {And now Kb4 would win.} h3 43. Kb4 Ra2 44. Rh7+ Kg8
45. Rxh3 Rxa6 46. Rh6 Rxh6 47. gxh6 Kh7 48. Kc4 Kxh6 {Weighted Error Value:
White=0.07/Black=0.07} 1/2-1/2

[Event "23rd ETCC Open 2021"]
[Site "Catez"]
[Date "2021.11.18"]
[Round "6.8"]
[White "Ter-Sahakyan, Samvel"]
[Black "Abasov, Nijat"]
[Result "1/2-1/2"]
[WhiteElo "2615"]
[BlackElo "2634"]
[Annotator "TA"]
[PlyCount "62"]
[EventDate "2021.11.08"]
[EventType "team-tourn"]
[EventCountry "SLO"]
[SourceTitle "playchess.com"]
[Source "ChessBase"]
[SourceQuality "1"]
[WhiteTeam "Armenia"]
[BlackTeam "Azerbaijan"]
[WhiteTeamCountry "ARM"]
[BlackTeamCountry "AZE"]

{[%evp 24,62,53,30,35,43,41,23,29,33,21,36,43,37,44,27,20,13,10,7,17,0,0,0,34,
0,0,0,0,0,0,0,4,4,4,0,0,0,0,0,0]} 1. e4 {Mikhalevski,V} e5 2. Nf3 Nc6 3. Bb5 a6
4. Ba4 Nf6 5. O-O Nxe4 6. d4 b5 7. Bb3 d5 8. dxe5 Be6 9. Nbd2 Nc5 10. c3 d4 11.
Bxe6 Nxe6 12. cxd4 Ncxd4 13. a4 Bb4 {C80: Open Ruy Lopez: Sidelines and 9 Nbd2.
} 14. axb5 Nxb5 ({Reject} 14... axb5 $6 15. Rxa8 Qxa8 16. Nxd4 $18) 15. Qa4
Bxd2 {White has an edge. 15...c5 is more fashionable.} 16. Bxd2 O-O 17. Be3 c5
18. Rfd1 Qe7 {[#]} 19. h4 $146 ({Predecessor:} 19. Qe4 h6 20. h4 Rfe8 21. Re1
Kh8 22. Ra4 Qd7 23. Rea1 Nbc7 24. Qf5 Rab8 25. Qh5 {1/2-1/2 (37) Jakovenko,D 
(2742)-Mikhalevski,V (2625) Novi Sad 2009 CBM 133 [Mikhalevski,V]}) 19... Rfe8
20. h5 h6 21. Qg4 Kh8 22. Nd2 Ned4 23. Nc4 f6 (23... f5 {keeps more tension.}
24. exf6 Qxf6 25. Rac1 Re6 26. Nd2 Qe7) 24. Nd6 (24. f4 {with more
complications.} f5 25. Qh3 Qe6 26. Ra4 Ne2+ 27. Kh2) 24... Nxd6 {The position
is equal.} 25. exd6 Qxd6 26. Bxd4 cxd4 27. Rxd4 Qe6 28. Qxe6 Rxe6 29. b4 Rb8
30. Ra5 Reb6 31. f3 Rxb4 {Weighted Error Value: White=0.07/Black=0.04} 1/2-1/2

[Event "23rd ETCC Open 2021"]
[Site "Catez"]
[Date "2021.11.18"]
[Round "6.9"]
[White "Korobov, Anton"]
[Black "Giri, Anish"]
[Result "1/2-1/2"]
[WhiteElo "2684"]
[BlackElo "2774"]
[Annotator "TA"]
[PlyCount "72"]
[EventDate "2021.11.08"]
[EventType "team-tourn"]
[EventCountry "SLO"]
[SourceTitle "playchess.com"]
[Source "ChessBase"]
[SourceQuality "1"]
[WhiteTeam "Ukraine"]
[BlackTeam "Netherlands"]
[WhiteTeamCountry "UKR"]
[BlackTeamCountry "NED"]

{[%evp 12,72,15,14,19,21,27,0,0,0,0,0,0,0,8,12,20,22,26,8,8,8,8,8,7,8,8,8,8,8,
8,9,15,15,15,12,18,18,18,19,24,19,19,19,14,16,29,8,10,8,8,8,12,11,45,8,8,8,8,8,
8,0,0]} 1. d4 Nf6 2. c4 e6 3. Nf3 d5 4. Nc3 Bb4 5. cxd5 exd5 6. Bg5 h6 7. Bh4
$1 {7.Bh4 is better than 7.Bxf6.} O-O {D38: Queen's Gambit Declined: Ragozin
Defence (4 Nf3 Bb4).} 8. e3 Bf5 9. Ne5 c5 10. Bd3 cxd4 11. exd4 Bxd3 12. Qxd3
Qd6 13. Bxf6 Qxf6 14. O-O Bxc3 15. Qxc3 Re8 {[#]} 16. Rfe1 $146 ({Predecessor:
} 16. Rac1 Nc6 17. Nxc6 Qxc6 18. Qxc6 bxc6 19. Rxc6 Re2 20. Ra6 Rxb2 21. g3 Re8
22. Rxa7 {1/2-1/2 (36) Topalov,V (2740)-Carlsen,M (2845) Shamkir 2019}) 16...
Nc6 17. Nxc6 Qxc6 18. Qxc6 bxc6 19. Rxe8+ Rxe8 $11 {[%mdl 4096] Endgame KR-KR}
20. Kf1 a5 21. Rc1 Rb8 22. b3 {[%cal Bb2b3,Bb3a4][%mdl 32]} Rb6 23. Rc5 a4 24.
bxa4 Rb1+ 25. Ke2 Rb2+ 26. Kd3 Rxa2 27. Rxc6 Ra3+ 28. Rc3 Rxa4 29. Rc5 Ra3+ 30.
Ke2 Ra2+ 31. Kf3 Ra3+ 32. Kg4 h5+ 33. Kf4 Ra2 {The position is equal.} 34. Kg3
h4+ 35. Kf3 Ra3+ 36. Ke2 Ra2+ {An uneventful encounter.  Weighted Error Value:
White=0.04/Black=0.03} 1/2-1/2

[Event "23rd ETCC Open 2021"]
[Site "Catez"]
[Date "2021.11.18"]
[Round "6.10"]
[White "Van Foreest, Jorden"]
[Black "Volokitin, Andrei"]
[Result "1/2-1/2"]
[WhiteElo "2701"]
[BlackElo "2656"]
[Annotator "TA"]
[PlyCount "78"]
[EventDate "2021.11.08"]
[EventType "team-tourn"]
[EventCountry "SLO"]
[SourceTitle "playchess.com"]
[Source "ChessBase"]
[SourceQuality "1"]
[WhiteTeam "Netherlands"]
[BlackTeam "Ukraine"]
[WhiteTeamCountry "NED"]
[BlackTeamCountry "UKR"]

{[%evp 10,78,40,0,0,0,0,0,0,0,6,15,11,2,0,8,18,21,19,20,17,21,25,23,32,35,34,
35,81,81,90,22,27,27,27,6,6,6,24,0,23,0,26,0,0,0,56,8,11,0,0,0,0,0,0,0,0,0,0,0,
0,0,0,0,0,0,0,0,0,-8,0]} 1. Nf3 Nf6 2. c4 c5 3. Nc3 d5 4. cxd5 Nxd5 5. e4 Nb4
6. Bc4 Nd3+ {A34: Symmetrical English: 2 Nc3, lines with ...d5.} 7. Bxd3 Qxd3
8. Ne5 Qd4 9. f4 ({Wrong is} 9. Qh5 $2 g6 $19) 9... Nc6 10. Nxc6 bxc6 {[#]} 11.
Qa4 $146 ({Predecessor:} 11. b3 Ba6 12. Qf3 Rd8 13. e5 Rd7 14. Qe3 e6 15. Ba3
Be7 16. Rc1 O-O 17. Ne4 {1/2-1/2 (44) Koolsbergen,N (1965)-Mccorry,R (2061)
IECC email 2003}) 11... Qxa4 (11... Bd7 {with more complications.} 12. Qc2 c4
13. b3 e5 14. Bb2 Bb4) 12. Nxa4 e5 13. fxe5 c4 14. b3 Be6 15. Bb2 Rd8 16. Rf1
cxb3 17. axb3 Bxb3 18. Rf3 Be6 {[#]} 19. Ba3 $1 {[%cal Ra3f8] Bxf8 is the
strong threat.} Rd4 {[#]} 20. Nc3 (20. Nc5 $1 $16) 20... Bxa3 $1 $11 21. Rxa3
O-O 22. Rxa7 Rfd8 23. Rf2 Rc4 24. h3 h5 25. Ra5 Kh7 26. Ra6 Rc5 27. Rf3 Rc4 ({
Better is} 27... Rd4 $11) 28. Rb6 Rcd4 {The position is equal.} 29. Rb2 c5 30.
Re3 Bc4 31. Na4 Re8 32. e6 Rxe6 33. d3 {[%mdl 64] Decoy} Bxd3 34. Nxc5 {
[%mdl 64] Double Attack} Red6 35. e5 R6d5 36. Nxd3 Rxd3 37. Rxd3 Rxd3 38. Re2
Rd8 39. e6 fxe6 {Weighted Error Value: White=0.09/Black=0.08} 1/2-1/2

[Event "23rd ETCC Open 2021"]
[Site "Catez"]
[Date "2021.11.18"]
[Round "6.11"]
[White "Shevchenko, Kirill"]
[Black "Warmerdam, Max"]
[Result "1/2-1/2"]
[WhiteElo "2647"]
[BlackElo "2608"]
[Annotator "TA"]
[PlyCount "93"]
[EventDate "2021.11.08"]
[EventType "team-tourn"]
[EventCountry "SLO"]
[SourceTitle "playchess.com"]
[Source "ChessBase"]
[SourceQuality "1"]
[WhiteTeam "Ukraine"]
[BlackTeam "Netherlands"]
[WhiteTeamCountry "UKR"]
[BlackTeamCountry "NED"]

{[%evp 12,93,31,49,39,39,39,45,44,37,43,34,36,31,57,38,38,20,32,31,31,31,29,25,
31,23,23,23,13,24,18,25,12,23,24,7,20,11,22,6,8,0,0,0,0,0,0,0,1,0,0,0,0,0,0,0,
0,0,0,0,0,0,0,0,0,0,0,0,0,0,2,0,0,0,0,0,2,2,2,2,29,29,33,0]} 1. c4 e6 2. Nc3 d5
3. d4 c5 4. cxd5 cxd4 5. Qa4+ Bd7 6. Qxd4 exd5 7. Qxd5 Nf6 $1 {[%mdl 4] is now
more promising than 7...Nc6. D32: Tarrasch Defence: Sidelines and lines
without g3.} 8. Qb3 Na6 {[%cal Bb8a6,Ba6c5,Bc5e4][%mdl 32]} 9. e3 ({Avoid the
trap} 9. Qxb7 $2 Nb4 $19) 9... Nc5 {[#]} 10. Qd1 $146 ({Predecessor:} 10. Qc2
Rc8 11. Nf3 Bd6 12. Be2 O-O 13. O-O Qe7 14. Rd1 Nce4 15. Bd2 Rc7 16. Be1 {
1-0 (54) Chernobay,A (2490)-Riehle,M (2347) Chess.com INT 2020}) 10... Nce4 11.
Nge2 Rc8 12. g3 Bb4 13. Bg2 $1 Bb5 {[#] Hoping for ...Qxd1+.} 14. Qxd8+ Rxd8
15. a3 Bxc3+ 16. Nxc3 Nxc3 17. bxc3 Nd7 18. Rb1 Bc4 19. Bf3 ({Reject} 19. Bxb7
Nc5 $17) 19... Ne5 {[%cal Re5f3] [#]} 20. Be2 Bd5 21. O-O Nf3+ 22. Bxf3 Bxf3
23. e4 Rd7 24. Re1 O-O 25. Be3 Bxe4 26. Rb4 f5 27. Bxa7 Ra8 28. Bc5 Rc7 29. Bd4
Rxa3 30. Rb5 h6 31. g4 Rf7 32. h3 Ra6 33. Kh2 Rg6 34. Re5 h5 35. g5 h4 36. Ra5
Rd7 37. f3 Bxf3 38. Rxf5 Bc6 39. Re8+ Kh7 {...Rxd4! is the strong threat.} 40.
Ree5 Rdd6 41. Rf7 Rd5 42. Rxd5 Bxd5 43. Rf5 Rd6 44. Rf4 Kg6 45. Rxh4 Kxg5 46.
Rg4+ Kf5 47. Kg3 {Weighted Error Value: White=0.02/Black=0.02} 1/2-1/2